Rising Country Count - Whammies - Statistics

General Stats
  • This quiz has been taken 44 times
  • The average score is 4 of 15
Answer Stats
How many countries... Number % Correct
Are island nations in North America? 13
83%
Are in Oceania? 14
57%
Border China 14
46%
Are in OPEC? 13
37%
Are landlocked in Europe? 15
37%
Are in Africa? 54
29%
Have a population above 100 million? 16
26%
End in -an (excluding Vatican City)? 16
20%
Are in the European Union? 27
20%
Participate in the World Cup (starting 2026)? 48
20%
Participate in the World Cup (prior to 2026)? 32
17%
Have a crescent on their flag? 19
11%
Have Spanish as an official language? 20
11%
Border the Mediterranean Sea (excluding UK)? 21
11%
Are in NATO? 32
6%
No matching quizzes found
Score Distribution
Percent of People with Each Score
Percentile by Number Answered
Your Score History
You have not taken this quiz